000 00564nam a2200157Ia 4500
008 240126s9999 xx 000 0 und d
041 _aEnglish
082 _aPRIS08-1285
100 _aShyamanth Hegde, Sinha Abhinav Ashok, Ujjwal Modi, Raghav Goenka
245 0 _aRemote Desktop Administration [electronic resource: Project Report]
_bSumathi M
260 _bPESIT, Dept. of IS
_aBangalore
440 _aNULL
650 _aInformation Science
650 _aRemote,Desktop,Administration,[electronic,resource:,Project,Report],Information Science
942 _cPR
999 _c258439
_d258439